[Event "GER-ch U12"]
[Site "Willingen"]
[Date "2018.05.25"]
[Round "10"]
[White "Dornheim, Carl Friedrich"]
[Black "Gressler, Christian"]
[Result "0-1"]
[WhiteElo "1441"]
[BlackElo "1336"]
[PlyCount "108"]
[EventDate "2018.05.19"]
[EventType "swiss"]
[EventRounds "11"]
[EventCountry "GER"]
[SourceTitle "CBM 184 Extra"]
[Source "ChessBase"]
[SourceDate "2018.06.28"]
[SourceVersion "1"]
[SourceVersionDate "2018.06.28"]
[SourceQuality "1"]

1. e4 e6 2. d4 d5 3. Nd2 Nf6 4. e5 Nfd7 5. Bd3 c5 6. c3 Nc6 7. Ne2 f6 8. Nf4 fxe5 9. Nxe6 Qb6 10. dxc5 Nxc5 11. Nxc5 Bxc5 12. Qh5+ Ke7 13. Qh4+ Kf7 14. Qh5+ Ke7 15. Qh4+ Ke6 16. Nb3 Be7 17. Qg4+ Kf7 18. Qf3+ Ke6 19. Qg4+ Kf7 20. Qh5+ Ke6 21. Be3 Qd8 22. Bxh7 Bf6 23. Bf5+ Kd6 24. Qg4 Rh4 25. Qg6 d4 26. 0-0-0 Ne7 27. Qf7 Nxf5 28. g3 Be6 29. Qxb7 Bxb3 30. Qxb3 Rh8 31. g4 Nxe3 32. fxe3 Ke7 33. exd4 exd4 34. cxd4 Qb6 35. Rhe1+ Kf8 36. Qd5 Rc8+ 37. Kb1 Rxh2 38. b3 Qc6 39. Qxc6 Rxc6 40. Rc1 Rxc1+ 41. Rxc1 Bxd4 42. Rf1+ Ke7 43. Rd1 Be5 44. Re1 Ke6 45. Re3 Rb2+ 46. Kc1 Rxa2 47. Kd1 Rg2 48. Re4 Kd5 49. Ra4 Bd4 50. g5 Ke4 51. Ra5 Kd3 52. Re5 Bxe5 53. Ke1 Bd4 54. Kf1 Rg1# 0-1

[Event "GER-ch U12"]
[Site "Willingen"]
[Date "2018.05.25"]
[Round "9"]
[White "Dornheim, Carl Friedrich"]
[Black "Pikalow, Michael"]
[Result "0-1"]
[WhiteElo "1441"]
[BlackElo "1637"]
[PlyCount "80"]
[EventDate "2018.05.19"]
[EventType "swiss"]
[EventRounds "11"]
[EventCountry "GER"]
[SourceTitle "CBM 184 Extra"]
[Source "ChessBase"]
[SourceDate "2018.06.28"]
[SourceVersion "1"]
[SourceVersionDate "2018.06.28"]
[SourceQuality "1"]

1. e4 c5 2. Nf3 d6 3. d4 cxd4 4. Nxd4 Nf6 5. Nc3 g6 6. f3 Bg7 7. Be3 0-0 8. Qd2 Nc6 9. 0-0-0 d5 10. Nxc6 bxc6 11. exd5 cxd5 12. Nxd5 Nxd5 13. Qxd5 Qc7 14. Qd2 Rb8 15. c3 Be6 16. Bf4 Be5 17. Bxe5 Qxe5 18. b3 Rfc8 19. Kb2 a5 20. Qd4 Qc7 21. Rc1 Rd8 22. Qa4 Bd7 23. Qc4 Bc6 24. Bd3 a4 25. Be4 Rb6 26. Bxc6 Rxc6 27. Qb4 axb3 28. axb3 Rb6 29. Qa4 Qb7 30. Rhd1 Ra8 31. Qc4 Rc8 32. Qa4 Ra8 33. Qc4 Rc8 34. Qd5 Qb8 35. g3 e6 36. Qd4 Rxb3+ 37. Ka2 Rb2+ 38. Ka1 Rxh2 39. Qb4 Qa7+ 40. Kb1 Qa2# 0-1

[Event "GER-ch U12"]
[Site "Willingen"]
[Date "2018.05.20"]
[Round "2"]
[White "Chassard, Cedric"]
[Black "Dornheim, Carl Friedrich"]
[Result "1-0"]
[WhiteElo "1644"]
[BlackElo "1441"]
[PlyCount "87"]
[EventDate "2018.05.19"]
[EventType "swiss"]
[EventRounds "11"]
[EventCountry "GER"]
[SourceTitle "CBM 184 Extra"]
[Source "ChessBase"]
[SourceDate "2018.06.28"]
[SourceVersion "1"]
[SourceVersionDate "2018.06.28"]
[SourceQuality "1"]

1. e4 c5 2. Nf3 d6 3. d4 cxd4 4. Nxd4 Nf6 5. Nc3 e6 6. Be2 Be7 7. 0-0 0-0 8. Be3 a6 9. Qd2 b5 10. a3 Bb7 11. f3 d5 12. e5 Nfd7 13. f4 Nc6 14. Bd3 Nxd4 15. Bxd4 Qc7 16. Rae1 Bc5 17. Bxc5 Qxc5+ 18. Kh1 Qc7 19. Ne2 Nb6 20. Nd4 Nc4 21. Qc3 Rac8 22. Rf3 Qb6 23. Rh3 g6 24. b3 Nxe5 25. Qb2 Nxd3 26. cxd3 Rce8 27. Qf2 h5 28. Re5 f5 29. Qg3 Kf7 30. Nf3 Kg7 31. Rxh5 Qc7 32. Rg5 Rf6 33. Nh4 Qf7 34. Re1 Rc8 35. Nf3 Rc3 36. Ne5 Qe8 37. h4 Kh6 38. h5 gxh5 39. Rg7 Rg6 40. Rxg6+ Kh7 41. Rg7+ Kh8 42. Nf7+ Qxf7 43. Rxf7 Rxd3 44. Qg7# 1-0

[Event "GER-chT U10"]
[Site "Magdeburg"]
[Date "2016.12.27"]
[Round "2.1"]
[White "Prieb, Robert"]
[Black "Dornheim, Carl Friedrich"]
[Result "1-0"]
[WhiteElo "1567"]
[BlackElo "1234"]
[PlyCount "43"]
[EventDate "2016.12.27"]
[EventType "team-swiss"]
[EventRounds "7"]
[EventCountry "GER"]
[SourceTitle "EXT 2018"]
[Source "ChessBase"]
[SourceDate "2017.10.13"]
[SourceVersion "1"]
[SourceVersionDate "2017.10.13"]
[SourceQuality "1"]
[WhiteTeam "Paderborn Akademie"]
[BlackTeam "Magdeburg Schachzwerge"]
[WhiteTeamCountry "GER"]
[BlackTeamCountry "GER"]

1. d4 d5 2. c4 dxc4 3. Nf3 e6 4. Nc3 c5 5. e3 Nc6 6. Bxc4 Nf6 7. 0-0 cxd4 8. exd4 Bd6 9. d5 exd5 10. Re1+ Ne7 11. Nxd5 Nfxd5 12. Bxd5 0-0 13. Bg5 h6 14. Bh4 g5 15. Nxg5 hxg5 16. Bxg5 Bf5 17. Qh5 Bg6 18. Qh4 Re8 19. Bf6 Bh7 20. Qg5+ Kf8 21. Qh6+ Kg8 22. Qg7# 1-0

[Event "GER-chT U10"]
[Site "Magdeburg"]
[Date "2015.12.28"]
[Round "3.1"]
[White "Dornheim, Carl Friedrich"]
[Black "Eilenberg, Jonas"]
[Result "0-1"]
[WhiteElo "985"]
[BlackElo "1466"]
[PlyCount "76"]
[EventDate "2015.12.27"]
[EventType "team-swiss"]
[EventRounds "7"]
[EventCountry "GER"]
[SourceTitle "EXT 2017"]
[Source "ChessBase"]
[SourceDate "2016.10.25"]
[SourceVersion "1"]
[SourceVersionDate "2016.10.25"]
[SourceQuality "1"]
[WhiteTeam "Magdeburg Schachzwerge II"]
[BlackTeam "Berlin Schachpinguine"]
[WhiteTeamCountry "GER"]
[BlackTeamCountry "GER"]

1. e4 e5 2. Nf3 Nc6 3. d4 exd4 4. Nxd4 Nf6 5. Nc3 Bb4 6. Qd3 h6 7. Bf4 0-0 8. g3 Re8 9. Bg2 d5 10. 0-0 dxe4 11. Nxe4 Qxd4 12. Nxf6+ Qxf6 13. Bxc7 Bf5 14. Qb5 Bc8 15. Rad1 a6 16. Qb6 Ba5 17. Qc5 Bxc7 18. b4 Bf5 19. a4 Bb8 20. b5 Ba7 21. Qc4 Nd4 22. bxa6 Rac8 23. Qa2 Rxc2 24. Qd5 bxa6 25. Qb7 Ne2+ 26. Kh1 Bxf2 27. Rxf2 Nxg3+ 28. hxg3 Rxf2 29. Bc6 Rfe2 30. Bxe8 Be4+ 31. Qxe4 Rxe4 32. Bd7 Qf3+ 33. Kh2 Qxd1 34. Bh3 Re2+ 35. Bg2 Qf1 36. Kh3 Qxg2+ 37. Kg4 Re4+ 38. Kf5 Qf3# 0-1

[Event "GER-chT U10"]
[Site "Magdeburg"]
[Date "2015.12.28"]
[Round "5.1"]
[White "Stowicek, Yara Mathilda"]
[Black "Dornheim, Carl Friedrich"]
[Result "1/2-1/2"]
[WhiteElo "1247"]
[BlackElo "985"]
[PlyCount "44"]
[EventDate "2015.12.27"]
[EventType "team-swiss"]
[EventRounds "7"]
[EventCountry "GER"]
[SourceTitle "EXT 2017"]
[Source "ChessBase"]
[SourceDate "2016.10.25"]
[SourceVersion "1"]
[SourceVersionDate "2016.10.25"]
[SourceQuality "1"]
[WhiteTeam "Halle Volksbank"]
[BlackTeam "Magdeburg Schachzwerge II"]
[WhiteTeamCountry "GER"]
[BlackTeamCountry "GER"]

1. e4 c5 2. d4 e6 3. Nf3 Nc6 4. Be3 g6 5. Nc3 d6 6. Bb5 Bg7 7. dxc5 a6 8. Bxc6+ bxc6 9. Qxd6 Qxd6 10. cxd6 Nf6 11. e5 Nd7 12. Bf4 f6 13. exf6 Nxf6 14. 0-0 0-0 15. Rad1 Bd7 16. Rfe1 Rad8 17. Rd3 Rfe8 18. h3 Bc8 19. Red1 Rf8 20. a3 Nd5 21. Nxd5 cxd5 22. b4 Rxf4 1/2-1/2